| 000 | 00624nam a2200169 i 4500 | ||
|---|---|---|---|
| 001 | 149838 | ||
| 003 | ES-MaACL | ||
| 005 | 20230906203259.0 | ||
| 007 | t| | ||
| 008 | 140527s1883 sp ||||1| spa d | ||
| 100 | 1 |
_aCalvo Marcos, Manuel. _933893 |
|
| 245 | 1 | 0 |
_aRégimen parlamentario de España en el siglo XIX _b: apuntes y documentos para su historia : partes primera y segunda / _cManuel Calvo Marcos. |
| 260 |
_aMadrid : _b[s.n.], _c1883 ( _fEst. tip. de El Correo, a cargo de F. Fernández) |
||
| 300 |
_aVI, 447, CXLVII p. ; _c23 cm. |
||
| 650 | 4 |
_aParlamentarismo- _zEspaña. _9154821 |
|
| 852 |
_aES-MaACL _jG-4199 |
||
| 999 |
_c149838 _d149838 |
||